000
00206 a2200097 4500
001
4781
100
_a
Bene,G.T
245
_a
Nuclear physics & atomic energy
260
_a
_b
Elsvier
_c
090
_c
3974
_d
3974
942
_a
NUST-CAE
_c
M
_c
30238
999
_c
239854
_d
239854